[Event "Superettan(Orebro-Rockaden,Umea)"]
[Site "?"]
[Date "2015.01.18"]
[Round "5"]
[White "Lindgren, Fredrik"]
[Black "Blomstrom, Lars"]
[Result "0-1"]
[WhiteElo "2252"]
[BlackElo "2135"]
[PlyCount "86"]

1. d4 Nf6 2. Nf3 g6 3. c4 Bg7 4. Nc3 O-O 5. e4 d6 6. Be2 e5 7. Be3 Ng4 8. Bg5
f6 9. Bc1 Nc6 10. d5 Ne7 11. Nd2 Nh6 12. O-O f5 13. exf5 gxf5 14. f4 Ng6 15.
fxe5 Nxe5 16. Nf3 Nxf3+ 17. Rxf3 Nf7 18. Rg3 Kh8 19. Bf4 a6 20. Qd2 Bd7 21. Rf1
Qf6 22. Kh1 Rae8 23. b3 Re7 24. Bh5 b5 25. cxb5 axb5 26. a4 bxa4 27. bxa4 Rb8
28. a5 Bc8 29. Be2 Qd4 30. a6 Ra8 31. Rxg7 Qxg7 32. Ra1 Bd7 33. Bf1 Ne5 34. Ra2
Kg8 35. a7 Nf7 36. h3 c6 37. dxc6 Bxc6 38. Nd5 Rexa7 39. Rxa7 Rxa7 40. Bc4 Ra1+
41. Kh2 Kh8 42. Ne7 Ne5 43. Nxc6 Nf3+ 0-1

[Event "Superettan(Orebro-Rockaden,Umea)"]
[Site "?"]
[Date "2015.01.18"]
[Round "5"]
[White "Jonsson, Krister"]
[Black "Eriksson, Jorgen"]
[Result "0-1"]
[WhiteElo "2083"]
[BlackElo "2211"]
[PlyCount "90"]

1. d4 Nf6 2. c4 e6 3. Nf3 Bb4+ 4. Nbd2 b6 5. g3 Ba6 6. Qa4 c5 7. dxc5 Bxc5 8.
Bg2 Bb7 9. O-O O-O 10. b4 Be7 11. Bb2 d6 12. Rfd1 Qc7 13. Rac1 Nbd7 14. Qb3
Rac8 15. a3 Rfd8 16. h3 Qb8 17. Kh2 h6 18. Ne1 Bxg2 19. Nxg2 Qb7 20. Nf4 Rc7
21. Rc2 Rdc8 22. Rdc1 Ne4 23. Nxe4 Qxe4 24. Qd3 Qxd3 25. exd3 Bg5 26. Re1 b5
27. h4 Bxf4 28. gxf4 bxc4 29. Rec1 cxd3 30. Rxc7 Rxc7 31. Rxc7 d2 32. Rc8+ Kh7
33. Rc1 dxc1=Q 34. Bxc1 Nb6 35. Be3 Nc4 36. a4 a6 37. a5 Na3 38. Kg3 Kg6 39.
Bb6 Kf5 40. Kf3 g6 41. Bd4 Nb5 42. Bg7 h5 43. Bb2 f6 44. Ke3 Nc7 45. Ba3 Kg4
0-1

[Event "Superettan(Orebro-Rockaden,Umea)"]
[Site "?"]
[Date "2015.01.18"]
[Round "5"]
[White "Nygren, David"]
[Black "Gummesson, Anton"]
[Result "1-0"]
[WhiteElo "2186"]
[BlackElo "1863"]
[PlyCount "68"]

1. e4 c5 2. c3 Nf6 3. e5 Nd5 4. d4 cxd4 5. Nf3 Nc6 6. Bc4 Nb6 7. Bb3 d6 8. exd6
Qxd6 9. O-O e6 10. cxd4 Be7 11. Nc3 O-O 12. Re1 Rd8 13. Ne4 Qd7 14. Be3 Nd5 15.
Ba4 Qe8 16. Rc1 Bd7 17. Bb3 Qf8 18. a3 Rac8 19. Qd3 a6 20. Bd2 Nf6 21. Ng3 Na7
22. Rcd1 Bb5 23. Qb1 Bc4 24. Bc2 Nc6 25. Bc3 h6 26. Ne5 Bd5 27. Ne2 g5 28. Rf1
b5 29. f4 b4 30. axb4 Nxb4 31. Bxb4 Bxb4 32. fxg5 Rxc2 33. Qxc2 Be4 34. Qb3 Nd5
1-0

[Event "Superettan(Orebro-Rockaden,Umea)"]
[Site "?"]
[Date "2015.01.18"]
[Round "5"]
[White "Sparv, Joakim"]
[Black "Mardell, Jimmy"]
[Result "0-1"]
[WhiteElo "1983"]
[BlackElo "2136"]
[PlyCount "54"]

1. d4 Nf6 2. c4 c5 3. d5 b5 4. cxb5 a6 5. b6 e6 6. Nc3 Nxd5 7. Nxd5 exd5 8.
Qxd5 Nc6 9. Nf3 Rb8 10. Ng5 Qf6 11. Bd2 Be7 12. Ne4 Qe6 13. Qxe6 fxe6 14. O-O-O
d5 15. Nc3 O-O 16. e4 d4 17. Na4 Ne5 18. Ba5 Ng4 19. Re1 Nxf2 20. Rg1 Bd7 21.
b3 Bxa4 22. bxa4 c4 23. Kb2 Rfc8 24. g3 Rc5 25. Rg2 Ng4 26. Bb4 Rxb6 27. Ka3 a5
0-1

[Event "Superettan(Schack 08-Burgsvik)"]
[Site "?"]
[Date "2015.01.18"]
[Round "5"]
[White "Fries Nielsen, Jens Ove"]
[Black "Ingbrant, Johan"]
[Result "1-0"]
[WhiteElo "2420"]
[BlackElo "2357"]
[PlyCount "57"]

1. d4 e6 2. e4 d5 3. e5 c5 4. c3 Qb6 5. g3 Nc6 6. Ne2 Nh6 7. Bh3 cxd4 8. cxd4
Nf5 9. Bxf5 exf5 10. Nbc3 Be6 11. h4 h6 12. Kf1 Be7 13. Be3 O-O-O 14. h5 g5 15.
hxg6 fxg6 16. Nf4 Bf7 17. e6 Be8 18. Kg1 Qxb2 19. Nfxd5 Rh7 20. Rb1 Qa3 21. Bf4
g5 22. Bc7 Rxd5 23. Nxd5 Qxa2 24. Nxe7+ Rxe7 25. d5 Rxc7 26. Rxh6 Nd4 27. Rh8
Kd8 28. d6 Qd5 29. Rxe8+ 1-0

[Event "Superettan(Schack 08-Burgsvik)"]
[Site "?"]
[Date "2015.01.18"]
[Round "5"]
[White "Laveryd, Peter"]
[Black "Fries Nielsen, Niels J"]
[Result "0-1"]
[WhiteElo "2407"]
[BlackElo "2330"]
[PlyCount "104"]

1. e4 d6 2. d4 a6 3. Be3 Nf6 4. f3 Nc6 5. Bd3 e5 6. d5 Ne7 7. c4 Nh5 8. Ne2 Ng6
9. Qd2 Be7 10. Nbc3 Nhf4 11. Nxf4 Nxf4 12. Bc2 O-O 13. O-O-O b5 14. g3 Nh3 15.
f4 bxc4 16. Qe2 Rb8 17. Qxc4 f5 18. exf5 exf4 19. gxf4 Bxf5 20. Bxf5 Rxf5 21.
Rhf1 Qd7 22. Qxa6 Bf6 23. Qc4 Re8 24. Bd2 Qf7 25. Ne4 Bh4 26. Ng3 Rxd5 27. Qa4
Bf6 28. Kb1 Rb8 29. Bc1 Rdb5 30. Rd2 Rb4 31. Qc6 Nxf4 32. Ne4 Be5 33. Rc2 Qf5
34. Nc3 Qd3 35. Rf3 Rc4 36. Rxd3 Rxc6 37. Rf3 Ne6 38. Rh3 Rf8 39. a4 Nd4 40.
Rg2 Rf1 41. Na2 Bf4 42. Rc3 Rxc3 43. bxc3 Nb3 44. Rc2 Kf7 45. Kb2 Nxc1 46. Nxc1
Bxc1+ 47. Rxc1 Rxc1 48. Kxc1 Ke6 49. c4 Kd7 50. Kc2 c6 51. Kd3 Kc7 52. Kd4 Kb7
0-1

[Event "Superettan(Schack 08-Burgsvik)"]
[Site "?"]
[Date "2015.01.18"]
[Round "5"]
[White "Andersson, Tommy"]
[Black "Faldt, Magnus"]
[Result "1/2-1/2"]
[WhiteElo "2373"]
[BlackElo "2197"]
[PlyCount "90"]

1. d4 d5 2. c4 c6 3. cxd5 cxd5 4. Nf3 Nf6 5. Nc3 Nc6 6. Bf4 Bf5 7. e3 e6 8. Qb3
Qb6 9. Qxb6 axb6 10. Bb5 Nd7 11. Nh4 Bg4 12. h3 Bh5 13. g4 Be7 14. Nf5 exf5 15.
Nxd5 Bb4+ 16. Ke2 fxg4 17. hxg4 Bxg4+ 18. f3 Be6 19. Bxc6 bxc6 20. Nxb4 c5 21.
dxc5 bxc5 22. Nd3 Ke7 23. a3 f6 24. Rac1 c4 25. Nb4 g5 26. Bh2 Rac8 27. Rhd1 h5
28. Rd6 g4 29. Nc6+ Kf7 30. Nd4 gxf3+ 31. Kxf3 Bg4+ 32. Kg2 Rhg8 33. Bf4 Nc5
34. Kh2 Nd3 35. Rf1 c3 36. bxc3 Rxc3 37. Bg3 Rg6 38. Ra6 Nc5 39. Ra7+ Nd7 40.
Bf4 Rd3 41. Rf2 Rg8 42. Rg2 Ke7 43. Nf5+ Ke6 44. Nd4+ Ke7 45. Nf5+ Ke6 1/2-1/2

[Event "Superettan(Schack 08-Burgsvik)"]
[Site "?"]
[Date "2015.01.18"]
[Round "5"]
[White "Renman, Nils-Gustaf"]
[Black "Andersson, Bjorn"]
[Result "1/2-1/2"]
[WhiteElo "2337"]
[BlackElo "2211"]
[PlyCount "111"]

1. d4 c5 2. d5 Nf6 3. Nf3 d6 4. b3 b5 5. Bb2 Nbd7 6. Qd3 Bb7 7. e4 c4 8. Qd4
Nc5 9. Nbd2 e5 10. dxe6 Nxe6 11. Qe3 d5 12. exd5 Nxd5 13. Qe4 Qd7 14. Ne5 Qc7
15. bxc4 Nb4 16. Qf5 g6 17. Qxf7+ Qxf7 18. Nxf7 Rg8 19. Ne5 Nxc2+ 20. Kd1 Nxa1
21. cxb5 Rd8 22. Bxa1 Bh6 23. Bc3 Rf8 24. Bc4 Bxd2 25. Bxd2 Rxf2 26. Nd3 Rf6
27. Bc3 Rf4 28. Bxe6 Rxd3+ 29. Kc2 Rd6 30. Bh3 Rf2+ 31. Kb3 Re2 32. Re1 Rxe1
33. Bxe1 Bd5+ 34. Kb4 Be6 35. a4 Rd4+ 36. Kc3 Rxa4 37. Bxe6 Re4 38. Bf2 Rxe6
39. Bxa7 Kd7 40. g3 Re4 41. Bd4 Re2 42. h4 Kd6 43. Kd3 Rg2 44. Ke4 Ra2 45. b6
Ra4 46. Kd3 Ra3+ 47. Ke4 Ra4 48. Kd3 Kd5 49. Be3 Ra3+ 50. Ke2 Ke4 51. Bf4 Rb3
52. Bc7 h6 53. Kd2 Kd5 54. Kc2 Rb5 55. Kc3 Kc6 56. Kd4 1/2-1/2

[Event "Superettan(Schack 08-Burgsvik)"]
[Site "?"]
[Date "2015.01.18"]
[Round "5"]
[White "Linusson, Pelle"]
[Black "Rosberg, Simon"]
[Result "1/2-1/2"]
[WhiteElo "2206"]
[BlackElo "2232"]
[PlyCount "89"]

1. d4 d5 2. c4 c6 3. Nf3 Nf6 4. Nc3 dxc4 5. a4 Bf5 6. Ne5 Nbd7 7. Nxc4 Nb6 8.
Ne5 a5 9. g3 e6 10. Bg2 Bb4 11. O-O O-O 12. e3 h6 13. Qe2 Bh7 14. Bd2 Bc2 15.
Rfc1 Bb3 16. h4 Nfd7 17. Nxd7 Nxd7 18. Ne4 Qe7 19. Bc3 e5 20. dxe5 Nxe5 21. Nd2
Bxc3 22. Nxb3 Bb4 23. Rd1 Rfd8 24. Rxd8+ Rxd8 25. Rd1 Rxd1+ 26. Qxd1 Qf6 27.
Nd4 c5 28. Nf3 Nxf3+ 29. Qxf3 Qxb2 30. Qxb7 Qa1+ 31. Kh2 Qf6 32. Qb8+ Kh7 33.
Be4+ g6 34. Qf4 Qxf4 35. gxf4 f5 36. Bd3 h5 37. Kg3 Kg7 38. Bc4 Kf6 39. Kf3 Bc3
40. Kg3 Ke7 41. Kf3 Bf6 42. Kg3 Bc3 43. Kf3 Bf6 44. Kg3 Bc3 45. Kf3 1/2-1/2

[Event "Superettan(Schack 08-Burgsvik)"]
[Site "?"]
[Date "2015.01.18"]
[Round "5"]
[White "Ottenklev, Niclas"]
[Black "Tuvesson, Mats"]
[Result "0-1"]
[WhiteElo "2115"]
[BlackElo "2210"]
[PlyCount "90"]

1. e4 c5 2. Nc3 Nc6 3. f4 d6 4. Nf3 g6 5. Bc4 Bg7 6. O-O Nf6 7. d3 O-O 8. Qe1
e6 9. f5 d5 10. Bb3 dxe4 11. dxe4 exf5 12. Bg5 h6 13. Rd1 Qa5 14. Bxf6 Bxf6 15.
Nd5 Bxb2 16. Ne7+ Kg7 17. Nxc6 Qxe1 18. Rfxe1 bxc6 19. e5 Ba6 20. Rd7 c4 21.
Ba4 Bb5 22. Bxb5 cxb5 23. Rb1 c3 24. Nd4 Rae8 25. e6 Kf6 26. Rxa7 fxe6 27. Nxb5
Ra8 28. Rc7 Rfc8 29. Rh7 Rxa2 30. Rxh6 Rc5 31. Nd4 Rd5 32. Nf3 e5 33. Kf1 e4
34. Ne1 Rd2 35. Rh8 Ra6 36. Rc8 Re6 37. Rf8+ Kg5 38. Rb8 Kg4 39. Rb4 f4 40. Rc4
g5 41. Ra4 Kf5 42. Ra5+ Kf6 43. h3 e3 44. Ra4 e2+ 45. Kf2 Rd1 0-1

[Event "Superettan(Schack 08-Burgsvik)"]
[Site "?"]
[Date "2015.01.18"]
[Round "5"]
[White "Akerman, Axel"]
[Black "Schutz, Ingemar"]
[Result "0-1"]
[WhiteElo "2092"]
[BlackElo "2182"]
[PlyCount "154"]

1. e4 c5 2. Nc3 e6 3. f4 d5 4. d3 Nc6 5. Nf3 Nf6 6. Be2 d4 7. Nb1 Be7 8. O-O
O-O 9. Qe1 c4 10. Qg3 cxd3 11. cxd3 Re8 12. Nbd2 Nb4 13. Nc4 Nc2 14. Rb1 b5 15.
Nce5 Ne3 16. Bxe3 dxe3 17. Ng5 Rf8 18. Nc6 Qd7 19. Rbc1 h6 20. Nh3 Bb7 21.
Nxe7+ Qxe7 22. f5 e5 23. Qxe3 Qb4 24. a3 Qxb2 25. Rb1 Qxa3 26. Rxb5 Bxe4 27.
Nf2 Bxf5 28. Bf3 Rad8 29. Rd1 Nd7 30. h3 f6 31. Bd5+ Kh8 32. Qf3 Nb6 33. Be4
Bxe4 34. Nxe4 f5 35. Ng3 e4 36. Qh5 Rxd3 37. Nxf5 Qa4 38. Rdb1 Rf6 39. Qe8+ Kh7
40. Ne7 Qd4+ 41. Kh1 Qd8 42. Qxd8 Rxd8 43. Re5 Rd4 44. Re1 Rf4 45. Ra5 Ra4 46.
Rxa4 Nxa4 47. Ra1 Nc3 48. Re1 Rf7 49. Nc6 Rc7 50. Na5 Kg6 51. Kg1 Kf5 52. g3
Ke5 53. Nb3 Rb7 54. Na5 Rf7 55. Nc6+ Kd5 56. Nb4+ Kc5 57. Nc2 Re7 58. Re3 Nd5
59. Ra3 Kc4 60. Kf2 Rf7+ 61. Ke2 Nc3+ 62. Ke1 Rf3 63. Rxa7 Rxg3 64. Rc7+ Kd5
65. Kf2 Rf3+ 66. Ke1 g5 67. h4 gxh4 68. Rd7+ Ke5 69. Re7+ Kf4 70. Rf7+ Kg4 71.
Rg7+ Kh5 72. Nd4 Rg3 73. Rc7 h3 74. Rc5+ Kg4 75. Nf5 h2 76. Nxh6+ Kf4 77. Kf2
e3+ 0-1

[Event "Superettan(Schack 08-Burgsvik)"]
[Site "?"]
[Date "2015.01.18"]
[Round "5"]
[White "Arvidsson, Tomas"]
[Black "Larsson, Victor"]
[Result "0-1"]
[WhiteElo "1999"]
[BlackElo "2145"]
[PlyCount "69"]

1. e4 c5 2. Nc3 Nc6 3. g3 g6 4. Bg2 Bg7 5. d3 d6 6. f4 e6 7. Be3 Nge7 8. Nf3
O-O 9. Qd2 Rb8 10. O-O b5 11. d4 cxd4 12. Nxd4 Na5 13. Qf2 Nc4 14. Bc1 b4 15.
Nce2 Qc7 16. b3 Na5 17. Be3 Nac6 18. Rac1 Qa5 19. c4 bxc3 20. Rxc3 Nb4 21. a3
Qxa3 22. Rc7 Rb7 23. Rc3 Rb8 24. Rc7 Rb7 25. Rc3 Na2 26. Rd3 Rb8 27. b4 Qxd3
28. f5 exf5 29. Nf4 Qc4 30. Ra1 Nxb4 31. Rxa7 Nbc6 32. Bf1 Rb1 33. Kg2 Rxf1 34.
Qxf1 Qxf1+ 35. Kxf1 0-1

[Event "Superettan(Manhem-Kamraterna)"]
[Site "?"]
[Date "2015.01.31"]
[Round "5"]
[White "Andreasson, Ingvar"]
[Black "Welin, Mats"]
[Result "0-1"]
[WhiteElo "2349"]
[BlackElo "2312"]
[PlyCount "70"]

1. c4 Nf6 2. g3 c6 3. Bg2 d5 4. Qc2 g6 5. Nf3 Bg7 6. O-O O-O 7. d3 Re8 8. Bf4
Ng4 9. Nc3 d4 10. Na4 e5 11. Bd2 h6 12. Rad1 Qe7 13. h3 Nf6 14. e3 dxe3 15.
Bxe3 Na6 16. Rfe1 Bf5 17. Nh4 Be6 18. a3 Nd7 19. b4 Kh7 20. d4 exd4 21. Bxd4
Bxd4 22. Rxd4 Rad8 23. Rde4 Nc7 24. Nc3 Nf6 25. Re5 Qd6 26. c5 Qd2 27. Qxd2
Rxd2 28. Nf3 Rc2 29. R5e3 Rd8 30. Ne5 Kg7 31. g4 Rdd2 32. Ne4 Nxe4 33. Bxe4 Ra2
34. Rf3 Nb5 35. a4 Rxa4 0-1

[Event "Superettan(Manhem-Kamraterna)"]
[Site "?"]
[Date "2015.01.31"]
[Round "5"]
[White "Moberg, Karl Johan"]
[Black "Svensson, Bengt"]
[Result "1/2-1/2"]
[WhiteElo "2299"]
[BlackElo "2345"]
[PlyCount "43"]
[SourceDate "2015.02.06"]

1. d4 d5 2. c4 e6 3. Nf3 Nf6 4. Bg5 Be7 5. Nc3 O-O 6. e3 h6 7. Bh4 b6 8. Rc1
Bb7 9. Bxf6 Bxf6 10. cxd5 exd5 11. Bd3 Re8 12. O-O a6 13. b4 Nd7 14. Qb3 c6 15.
e4 dxe4 16. Bxe4 Rc8 17. Rfe1 Nf8 18. Rcd1 Qc7 19. d5 cxd5 20. Nxd5 Bxd5 21.
Bxd5 Rxe1+ 22. Rxe1 1/2-1/2

[Event "Superettan(Manhem-Kamraterna)"]
[Site "?"]
[Date "2015.01.31"]
[Round "5"]
[White "Aberg, Anton"]
[Black "Winsnes, Rikard"]
[Result "1/2-1/2"]
[WhiteElo "2395"]
[BlackElo "2403"]
[PlyCount "140"]

1. e4 c5 2. Nf3 d6 3. Bb5+ Nc6 4. O-O Bd7 5. d4 cxd4 6. Nxd4 Nf6 7. Re1 g6 8.
Nxc6 bxc6 9. Bf1 Bg7 10. c4 O-O 11. Nc3 Rb8 12. h3 Be6 13. Qc2 d5 14. Bf4 Rc8
15. Rad1 Qa5 16. e5 Nd7 17. cxd5 cxd5 18. Qd2 Rfe8 19. Nxd5 Qxa2 20. Nb4 Qa5
21. Ra1 Qb6 22. Ra6 Qc7 23. Qe3 Nc5 24. Ra3 Qb6 25. Nd3 Nxd3 26. Bxd3 Qxb2 27.
Qxa7 Qb4 28. Re4 Qb2 29. Re2 Qb4 30. Re4 Qc5 31. Qxc5 Rxc5 32. Re2 Rd8 33. Kh2
h5 34. h4 Rdd5 35. Bg3 Bxe5 36. Be4 Bxg3+ 37. Kxg3 Rd6 38. Ra7 Kf8 39. f3 Rd7
40. Rxd7 Bxd7 41. Rb2 Rc7 42. Rb6 Kg7 43. Bd3 Rc5 44. Rb7 Rd5 45. Bc4 Rd2 46.
Bb5 Bxb5 47. Rxb5 Re2 48. Ra5 e5 49. Ra4 Kf6 50. Ra6+ Kf5 51. Ra7 f6 52. Ra5
Rd2 53. Rb5 Ke6 54. Ra5 f5 55. Ra6+ Rd6 56. Ra5 f4+ 57. Kh2 Rd1 58. Ra6+ Kf5
59. Ra5 Rd2 60. Rb5 Ke6 61. Rb6+ Rd6 62. Rb5 Rd5 63. Rb8 Rd4 64. Rb6+ Kf5 65.
Rb5 Rd6 66. Ra5 Re6 67. Kg1 Kf6 68. Kf2 Rb6 69. Kg1 Rb1+ 70. Kh2 Re1 1/2-1/2

[Event "Superettan(Manhem-Kamraterna)"]
[Site "?"]
[Date "2015.01.31"]
[Round "5"]
[White "Hultin, Johan"]
[Black "Svenn, Gosta"]
[Result "1-0"]
[WhiteElo "2363"]
[BlackElo "2300"]
[PlyCount "139"]

1. d4 Nf6 2. Nc3 d6 3. Bg5 g6 4. Bxf6 exf6 5. g3 Bg7 6. Bg2 O-O 7. e3 Nd7 8.
Nge2 f5 9. O-O Nf6 10. b4 c6 11. Qd3 Re8 12. Rab1 Bd7 13. d5 Qc7 14. dxc6 Bxc6
15. Bxc6 Qxc6 16. Nd4 Qd7 17. Rfd1 Rac8 18. Nde2 Ne4 19. Nd5 Qc6 20. c3 Qc4 21.
a4 Qxd3 22. Rxd3 Kf8 23. Rb3 Red8 24. a5 Rc4 25. Ra3 Nf6 26. Nxf6 Bxf6 27. Nf4
Be5 28. Nd5 Rdc8 29. Kf1 Ke8 30. Ke2 Kd7 31. Kd2 h5 32. Kc2 h4 33. Kb3 R4c6 34.
Ra4 hxg3 35. hxg3 Rh8 36. Rd1 Rhc8 37. b5 Rc5 38. c4 Ke6 39. Rh1 Bf6 40. Nf4+
Ke7 41. a6 b6 42. Nd3 R5c7 43. Nb4 Ke6 44. Nc6 Rh8 45. Rxh8 Bxh8 46. Ra2 Bf6
47. Rd2 Bg7 48. Rd5 Bf6 49. Kc2 Bg7 50. Kd3 Bb2 51. Ke2 Bf6 52. Rd1 Bb2 53. f4
Bf6 54. Kf3 Bb2 55. g4 fxg4+ 56. Kxg4 Bc3 57. Rd3 Bb2 58. Kf3 Bg7 59. e4 Bf8
60. Rd1 Bg7 61. e5 Bf8 62. Ke4 dxe5 63. fxe5 Be7 64. Rh1 f5+ 65. Kf3 Rd7 66.
Rh7 Ba3 67. Rxd7 Kxd7 68. Nxa7 g5 69. Nc6 Kc7 70. e6 1-0

[Event "Superettan(Manhem-Kamraterna)"]
[Site "?"]
[Date "2015.01.31"]
[Round "5"]
[White "Hamark, Jesper"]
[Black "Akesson, Joel"]
[Result "0-1"]
[WhiteElo "2339"]
[BlackElo "2283"]
[PlyCount "80"]

1. c4 c6 2. Nf3 Nf6 3. Nc3 d5 4. e3 a6 5. Qc2 g6 6. d4 Bf5 7. Qb3 Ra7 8. a4 Bg7
9. Be2 O-O 10. O-O Re8 11. Rd1 a5 12. Bd2 Na6 13. cxd5 cxd5 14. Rac1 e6 15. Nb5
Ra8 16. h3 h5 17. Ne5 Ne4 18. Be1 h4 19. Nd3 Bf8 20. Rc2 Qb6 21. Rdc1 Nd6 22.
Rc3 Nxb5 23. axb5 Bxd3 24. Bxd3 Nb4 25. Bf1 a4 26. Qd1 Na2 27. Qg4 Nxc3 28.
Bxc3 Be7 29. Bd3 Kg7 30. e4 a3 31. bxa3 Bxa3 32. Rd1 Rac8 33. Bd2 Be7 34. Qf4
Qxd4 35. Be3 Qf6 36. Qh6+ Kg8 37. Be2 dxe4 38. Rd7 Bf8 39. Qg5 Qxg5 40. Bxg5 b6
0-1

[Event "Superettan(Manhem-Kamraterna)"]
[Site "?"]
[Date "2015.01.31"]
[Round "5"]
[White "Fendrich, David"]
[Black "Borvander, Tom"]
[Result "1-0"]
[WhiteElo "2172"]
[BlackElo "2182"]
[PlyCount "81"]

1. g3 Nf6 2. Bg2 g6 3. c4 Bg7 4. Nc3 O-O 5. d3 d6 6. Rb1 a5 7. e4 c5 8. Nge2
Nc6 9. O-O Ne8 10. a3 Nc7 11. Nd5 Ne6 12. b4 axb4 13. axb4 Ned4 14. Nxd4 Nxd4
15. bxc5 dxc5 16. Bg5 f6 17. Be3 Ra6 18. Bxd4 cxd4 19. Qb3 e6 20. Nb6 Rf7 21.
e5 Ra7 22. Nxc8 Qxc8 23. Qb6 Ra3 24. Bxb7 Qe8 25. exf6 Rxf6 26. Be4 Qa4 27.
Qd8+ Rf8 28. Qe7 Re8 29. Qc7 Qa5 30. Qd7 Qd8 31. Rb7 Qxd7 32. Rxd7 Bf6 33. Rb1
Re7 34. Rbb7 Kf8 35. c5 Rc3 36. c6 Rxd7 37. Rxd7 Be7 38. Rxd4 Ke8 39. Rd7 e5
40. Rb7 g5 41. c7 1-0

[Event "Superettan(Manhem-Kamraterna)"]
[Site "?"]
[Date "2015.01.31"]
[Round "5"]
[White "Axelsson, Uno"]
[Black "Al Hadarani, Hatim"]
[Result "0-1"]
[WhiteElo "2210"]
[BlackElo "2273"]
[PlyCount "82"]

1. d4 Nf6 2. c4 c5 3. d5 e5 4. Nc3 d6 5. e4 Be7 6. h3 h6 7. Be2 Nbd7 8. Be3 a6
9. a4 Nh7 10. Qd2 Bg5 11. Bxg5 Nxg5 12. h4 Nh7 13. Bg4 Qa5 14. Nd1 Qc7 15. Ne3
Nhf6 16. Bf3 Nf8 17. Ne2 Rb8 18. Nc3 Bd7 19. Nf5 Rg8 20. O-O Ng6 21. g3 Bxf5
22. exf5 Ne7 23. g4 g6 24. Qxh6 Nxg4 25. Bxg4 gxf5 26. f3 Rg6 27. Qh5 fxg4 28.
Ne4 gxf3+ 29. Kh1 Qb6 30. Qxf3 f5 31. h5 Rh6 32. b3 Kd7 33. Ra2 Rbh8 34. Rh2
fxe4 35. Qg4+ Kd8 36. Qg5 R8h7 37. Rf8+ Kd7 38. Rf7 Rxf7 39. Qxh6 Qxb3 40. Qe6+
Ke8 41. Rg2 Qd1+ 0-1

[Event "Superettan(Manhem-Kamraterna)"]
[Site "?"]
[Date "2015.01.31"]
[Round "5"]
[White "Outgajjouft, Said"]
[Black "Nyberg, Ulf"]
[Result "1-0"]
[WhiteElo "2153"]
[BlackElo "2137"]
[PlyCount "105"]

1. e4 d5 2. exd5 Nf6 3. d4 Nxd5 4. c4 Nb6 5. Be3 e5 6. dxe5 Qxd1+ 7. Kxd1 Nc6
8. Nf3 Bg4 9. Be2 O-O-O+ 10. Nbd2 Bb4 11. a3 Bxd2 12. Nxd2 Nxe5 13. b3 Rhe8 14.
Bxg4+ Nxg4 15. Re1 Nxe3+ 16. Rxe3 Rxe3 17. fxe3 Nd7 18. Ke2 Nc5 19. Rf1 f6 20.
Rf5 b6 21. Rh5 h6 22. Rh4 Re8 23. b4 Ne6 24. Nf3 c5 25. b5 Kd7 26. Kd3 a6 27.
a4 Kd6 28. Nd2 Ra8 29. Ne4+ Ke5 30. Nc3 Rd8+ 31. Nd5 axb5 32. axb5 f5 33. Kc3
Rd6 34. g4 fxg4 35. Rxg4 Ng5 36. Kd3 g6 37. Rf4 h5 38. h4 Ne6 39. Rf7 g5 40.
Rh7 Kf5 41. hxg5 Kxg5 42. Ke4 Kg6 43. Rb7 Ng5+ 44. Kf4 h4 45. Rxb6 Rxb6 46.
Nxb6 h3 47. Kg3 Kf7 48. Na4 Ne4+ 49. Kxh3 Ke6 50. Kg4 Kd6 51. Kf4 Nd2 52. Nb2
Kc7 53. Ke5 1-0

[Event "Superettan(Rockaden,Sthlm II-Upsala)"]
[Site "?"]
[Date "2015.01.31"]
[Round "5"]
[White "Thorgeirsson, Sverrir"]
[Black "Berovski, Krum"]
[Result "1/2-1/2"]
[WhiteElo "2247"]
[BlackElo "2329"]
[PlyCount "39"]

1. d4 Nf6 2. c4 e6 3. Nc3 Bb4 4. Qc2 O-O 5. Nf3 c5 6. dxc5 Bxc3+ 7. Qxc3 Ne4 8.
Qc2 Qa5+ 9. Bd2 Nxd2 10. Qxd2 Qxc5 11. e4 b6 12. Bd3 Bb7 13. O-O Nc6 14. b3 d6
15. Rac1 Ne5 16. Rfe1 Nxd3 17. Qxd3 d5 18. exd5 exd5 19. Qc3 Qa3 20. Rc2
1/2-1/2

[Event "Superettan(Rockaden,Sthlm II-Upsala)"]
[Site "?"]
[Date "2015.01.31"]
[Round "5"]
[White "Ertan, Can"]
[Black "Johansson, Jan"]
[Result "0-1"]
[WhiteElo "2224"]
[BlackElo "2377"]
[PlyCount "96"]

1. e4 d6 2. d4 Nf6 3. Nc3 e5 4. Nf3 Nbd7 5. Bc4 Be7 6. O-O O-O 7. a4 c6 8. Re1
b6 9. d5 cxd5 10. Nxd5 Nxd5 11. Bxd5 Rb8 12. a5 Nf6 13. axb6 axb6 14. Ra7 Nxd5
15. Qxd5 Be6 16. Qc6 Rc8 17. Qb7 Bf6 18. c3 d5 19. Rd1 d4 20. h3 Bb3 21. Rd3 b5
22. Be3 Rb8 23. Qc6 Bc4 24. Rd2 Rc8 25. Qb7 Rb8 26. Qc6 Rb6 27. Qc5 Qb8 28.
cxd4 exd4 29. Rxd4 Bxd4 30. Bxd4 Qxa7 31. Qxb6 Qxb6 32. Bxb6 Ra8 33. Ne5 Ra1+
34. Kh2 Bf1 35. Kg3 Ra4 36. f3 b4 37. Bd4 Bb5 38. Kf2 Ra1 39. Ng4 Rd1 40. Be3
f6 41. Nh2 Rb1 42. Bd4 Rc1 43. e5 Rc2+ 44. Kg3 Rd2 45. Bc5 Rxb2 46. exf6 b3 47.
fxg7 h5 48. f4 Bc6 0-1

[Event "Superettan(Rockaden,Sthlm II-Upsala)"]
[Site "?"]
[Date "2015.01.31"]
[Round "5"]
[White "Andersson, Fredrik"]
[Black "Bryntze, Stefan"]
[Result "1-0"]
[WhiteElo "2263"]
[BlackElo "2209"]
[PlyCount "53"]

1. e4 g6 2. d4 Bg7 3. Nc3 d6 4. f4 Nf6 5. Nf3 O-O 6. Be3 c6 7. Bd3 Qb6 8. Rb1
e5 9. fxe5 Ng4 10. Bg1 dxe5 11. d5 Qc7 12. h3 Nf6 13. Bh2 Re8 14. dxc6 Nxc6 15.
O-O Be6 16. Qe1 Rad8 17. Bb5 Nh5 18. Ng5 a6 19. Nxe6 Rxe6 20. Nd5 Qd6 21. Bd3
Ree8 22. Kh1 Nd4 23. Qf2 f5 24. g4 fxe4 25. Bxe4 Rf8 26. Qxd4 Nf6 27. Nxf6+ 1-0

[Event "Superettan(Rockaden,Sthlm II-Upsala)"]
[Site "?"]
[Date "2015.01.31"]
[Round "5"]
[White "Krzymowski, Alfred"]
[Black "Glimbrant, Torbjorn"]
[Result "1/2-1/2"]
[WhiteElo "2077"]
[BlackElo "2241"]
[PlyCount "86"]

1. e4 e6 2. d4 d5 3. Nd2 c5 4. exd5 exd5 5. Ngf3 Nc6 6. Bb5 Bd6 7. O-O cxd4 8.
Nb3 Nge7 9. Nbxd4 O-O 10. Bd3 h6 11. Re1 Bg4 12. h3 Bh5 13. Nf5 Nxf5 14. Bxf5
Qf6 15. Bg4 Bg6 16. c3 Rad8 17. Be3 Rfe8 18. Bd4 Rxe1+ 19. Nxe1 Nxd4 20. Qxd4
Qxd4 21. cxd4 Bb4 22. Kf1 Ba5 23. Rc1 Bb6 24. Rc8 Bb1 25. Rxd8+ Bxd8 26. Bc8 b5
27. Ba6 b4 28. a3 bxa3 29. bxa3 Bb6 30. Bb7 Bxd4 31. Bxd5 Kf8 32. Ke2 Bc5 33.
a4 Ke7 34. Nd3 Bd6 35. Bb3 f6 36. Ke3 Kd7 37. g4 Kc6 38. h4 Bc5+ 39. Kd2 Bd6
40. h5 Bc5 41. f3 Bd6 42. Bc4 f5 43. Kc1 Bxd3 1/2-1/2

[Event "Superettan(Rockaden,Sthlm II-Upsala)"]
[Site "?"]
[Date "2015.01.31"]
[Round "5"]
[White "Burwick, Malte"]
[Black "Nikolic, Vladan"]
[Result "1/2-1/2"]
[WhiteElo "2243"]
[BlackElo "2043"]
[PlyCount "64"]

1. Nf3 Nf6 2. g3 g6 3. Bg2 Bg7 4. O-O O-O 5. c4 d6 6. Nc3 e5 7. d4 Nbd7 8. e4
a6 9. Re1 exd4 10. Nxd4 Ng4 11. f4 c6 12. h3 Qb6 13. hxg4 Bxd4+ 14. Kh2 Nf6 15.
Na4 Qa7 16. f5 h5 17. Bf3 hxg4 18. Bxg4 Kg7 19. Kg2 b5 20. Nc3 bxc4 21. Rh1 Rh8
22. Rxh8 Kxh8 23. Bg5 Bxc3 24. Qxd6 Be6 25. Rh1+ Kg8 26. Bxf6 Bxf6 27. fxe6 Rd8
28. exf7+ Qxf7 29. Qe6 Bxb2 30. Rf1 Rd2+ 31. Kh3 Qxe6 32. Bxe6+ Kg7 1/2-1/2

[Event "Superettan(Rockaden,Sthlm II-Upsala)"]
[Site "?"]
[Date "2015.01.31"]
[Round "5"]
[White "Kyhle, Bo"]
[Black "Johansson, Thomas"]
[Result "1/2-1/2"]
[WhiteElo "2172"]
[BlackElo "2217"]
[PlyCount "130"]

1. d4 Nf6 2. c4 e6 3. g3 c5 4. d5 exd5 5. cxd5 d6 6. Bg2 g6 7. Nc3 a6 8. a4 Bg7
9. Nf3 O-O 10. O-O Re8 11. h3 Ne4 12. Bd2 Nxd2 13. Nxd2 Nd7 14. Nc4 Nb6 15. Na3
Bd7 16. a5 Nc8 17. Nc4 Bb5 18. Ne3 Bd4 19. Qd2 f5 20. Ned1 Na7 21. Re1 Bg7 22.
e3 Rb8 23. Nxb5 axb5 24. a6 Qb6 25. axb7 Rxb7 26. Nc3 b4 27. Na4 Qd8 28. Rec1
Qb8 29. Bf1 Nb5 30. Bc4 Kh8 31. Ra2 Nc7 32. b3 Rd8 33. Nb2 Ne8 34. Be2 Bxb2 35.
Qxb2+ Kg8 36. Rca1 Qc7 37. Ra6 Qe7 38. Ra8 Nf6 39. Rxd8+ Qxd8 40. Ra6 Kf7 41.
Qa1 Qe7 42. Ra8 Kg7 43. Qa6 Kh6 44. Bf3 Rd7 45. Kg2 Rd8 46. Ra7 Rd7 47. Ra8 Rd8
48. Ra7 Rd7 49. Ra8 Ne4 50. Qd3 Rc7 51. Rb8 Ra7 52. Bxe4 fxe4 53. Qe2 Qf6 54.
Re8 c4 55. Rxe4 cxb3 56. Rxb4 Qc3 57. Qc4 Qxc4 58. Rxc4 Rb7 59. Rc1 Kg5 60. e4
Kf6 61. f4 b2 62. Rb1 h5 63. h4 Rb3 64. Kf2 Ke7 65. Kg2 Kf6 1/2-1/2